| 000 | 01364nam a22002297a 4500 | ||
|---|---|---|---|
| 999 |
_c58677 _d58677 |
||
| 003 | Ge_BSU | ||
| 005 | 20220624133256.0 | ||
| 008 | 220624s2018 ge ||||| |||| 00| 0 geo d | ||
| 020 | _a9789941947957 | ||
| 041 | _ageo | ||
| 080 | _a343.1(479.22) ლ-81 | ||
| 100 |
_aლომსაძე, მალხაზ. _9562 |
||
| 245 |
_aსისხლის სამართლის პროცესი / _cმალხაზ ლომსაძე. |
||
| 250 | _a(მე-7 გადამუშავებული და შევსებული გამოცემა). | ||
| 264 |
_aთბილისი : _b ბონა კაუზა, _c2018. |
||
| 300 |
_a510 გვ. ; _b24 სმ. |
||
| 490 | _aიურისტის ბიბლიოთეკა | ||
| 500 | _aეძღვნება საქართველოს ტერიტორიული მთლიანობისათვის წარმოებულ ბრძოლებში დაღუპულ შსს აკადემიის კურსანტთა ნათელ ხსოვნას. | ||
| 504 | _aბიბლიოგრაფია ტექსტის შენიშვნებში. | ||
| 653 | _aსაქართველოს სისხლის სამართლის პროცესი. | ||
| 942 |
_2udc _cBK |
||